| 000 | 00442cam a2200157 4500 | ||
|---|---|---|---|
| 999 |
_c87404 _d87404 |
||
| 005 | 20190312104731.0 | ||
| 008 | 190312b cr ||||| |||| 00| 0 spa d | ||
| 050 | 0 | 4 |
_aF1541.6 _bG66 1958 |
| 100 | 1 | _aGonzález Viquez, Cleto | |
| 245 | 1 | 0 |
_aObras históricas _c/ Cleto González Viquez. |
| 250 | _a1a. ed. | ||
| 260 |
_aCosta Rica : _bAtenea, _c1958 |
||
| 300 |
_av. ; _c23 cm. |
||
| 440 | 0 |
_aSección historia ; _vno.3 |
|
| 651 | 7 |
_2lemb _aCosta Rica _xHistoría |
|
| 942 |
_2lcc _cLIB |
||